|
|
|
|
| LEADER |
00000nam0a2200000 4500 |
| 001 |
220997 |
| 005 |
20231031195553.0 |
| 035 |
|
|
|a (RuTPU)RU\TPU\book\241138
|
| 090 |
|
|
|a 220997
|
| 100 |
|
|
|a 20120905d1989 k y0rusy50 ca
|
| 101 |
0 |
|
|a rus
|
| 102 |
|
|
|a RU
|
| 105 |
|
|
|a a z 001zy
|
| 200 |
1 |
|
|a Практика автоматизированного проектирования в машиностроении
|e ежегодный сборник научных трудов
|h Вып. 1
|f под ред. В. Д. Кальнера
|
| 210 |
|
|
|a Москва
|c Машиностроение
|d 1989
|
| 215 |
|
|
|a 128 с.
|c ил.
|
| 320 |
|
|
|a Библиография в конце статей
|
| 610 |
1 |
|
|a машиностроение
|
| 610 |
1 |
|
|a автоматизированное проектирование
|
| 610 |
1 |
|
|a программисты
|
| 610 |
1 |
|
|a труд
|
| 610 |
1 |
|
|a автоматизация
|
| 610 |
1 |
|
|a программное обеспечение
|
| 610 |
1 |
|
|a базы данных
|
| 610 |
1 |
|
|a данные
|
| 610 |
1 |
|
|a машинная графика
|
| 610 |
1 |
|
|a алгоритмы
|
| 610 |
1 |
|
|a инженерные задачи
|
| 610 |
1 |
|
|a метод конечных элементов
|
| 610 |
1 |
|
|a расчет
|
| 675 |
|
|
|a 621.002:658.5.011.56
|v 3
|
| 702 |
|
1 |
|a Кальнер
|b В. Д.
|4 340
|
| 801 |
|
1 |
|a RU
|b 63413507
|c 20120905
|
| 801 |
|
2 |
|a RU
|b 63413507
|c 20170130
|g RCR
|
| 942 |
|
|
|c BK
|